An Authentic narrative of the most remarkable adventures, and curious intrigues, exhibited in the life of Miss Fanny Davies, the celebrated modern amazon: who received sentence of death at the last Chelmsford Assizes, by Mr. Justice Ashurst, for stealing above 1250l. in money and notes, from Mr. Wrigglesworth, a country grasier : To which is added, an account of the many amorous parleys with her kind keepers in high-life.

Bibliographic Details
Corporate Author: Gale (Firm)
Format: eBook
Language:English
Published: London : Printed for Robert Turner, In May, 1786.
Subjects:
Online Access:Connect to the full text of this electronic book

MARC

Tag First Indicator Second Indicator Subfields
LEADER 00000cam a2200000 4500
001 in00003864530
005 20190415191042.0
006 m o d
007 cr |n||||||||n
008 950925s1786 enk|||| o 00||||eng c
035 |a (CU-RivES)T226065 
035 |a (Uk-ES)006320457 
035 |a (OCoLC)510726376 
040 |a Uk-ES  |c Uk-ES  |d CU-RivES  |d CStRLIN  |d CU-RivES  |d Cengage Gale  |d UtOrBLW 
245 0 3 |a An Authentic narrative of the most remarkable adventures, and curious intrigues, exhibited in the life of Miss Fanny Davies, the celebrated modern amazon: who received sentence of death at the last Chelmsford Assizes, by Mr. Justice Ashurst, for stealing above 1250l. in money and notes, from Mr. Wrigglesworth, a country grasier :  |b To which is added, an account of the many amorous parleys with her kind keepers in high-life. 
264 1 |a London :  |b Printed for Robert Turner,  |c In May, 1786. 
300 |a 1 online resource (32 pages)  
336 |a text  |b txt  |2 rdacontent 
337 |a computer  |b c  |2 rdamedia 
338 |a online resource  |b cr  |2 rdacarrier 
500 |a Turned chain lines. 
500 |a Price in square brackets: (Price Four-Pence.) 
510 4 |a English Short Title Catalog,  |c T226065. 
500 |a Reproduction of original from British Library. 
500 |a Electronic resource. 
600 1 0 |a Canning, Elizabeth,  |d 1734-1773  |v Trials, litigation, etc. 
655 7 |a Electronic books.  |2 local 
710 2 |a Gale (Firm)  |0 http://id.loc.gov/authorities/names/no2008071348 
752 |a Great Britain  |b England  |d London. 
856 4 0 |u http://proxy.library.tamu.edu/login?url=http://find.galegroup.com/ecco/infomark.do?contentSet=ECCOArticles&docType=ECCOArticles&bookId=1575500700&type=getFullCitation&tabID=T001&prodId=ECCO&docLevel=TEXT_GRAPHICS&version=1.0&source=library&userGroupName=txshracd2898  |z Connect to the full text of this electronic book  |t 0 
999 f f |s eef91b2d-e17d-3eca-9cab-4eb2e72f6161  |i 318e9bf5-1296-361b-94e9-68aad279b250  |t 0 
952 f f |a Texas A&M University  |b College Station  |c Electronic Resources  |d Available Online  |t 0  |h No information provided 
998 f f |t 0  |l Available Online